000 00525cam a2200217 4500
001 B1515
008 090401t1988 xxu||||| |||| 00| 0 eng d
035 _a(Sirsi) u44879
041 _aeng
050 _a336.271
100 _aJermy, Lionel
245 _aVAT and protected buildings
260 _aLondon
_bCountry Landowners Association
_c1988
300 _a5p. ; 21cm.
350 _a2.25
490 _aTimes
_v2/88
650 _aHISTORIC BUILDINGS
650 _aVALUE ADDED TAX
942 _n0
948 _c04/03/1997
999 _c91610
_d91610